|
|
|
|
| LEADER |
00000nas a2200000 a 4500 |
| 001 |
ssj0000390484 |
| 003 |
WaSeSS |
| 005 |
20200512172242.0 |
| 006 |
m d |
| 007 |
cr n |
| 008 |
750106u1953uuuuck fr p s b f0 b0spa c |
| 010 |
|
|
|a 56028791
|
| 022 |
|
|
|l 0486-6525
|y 0486-6525
|
| 035 |
|
|
|a (WaSeSS)ssj0000390484
|
| 040 |
|
|
|a UDI
|b eng
|c UDI
|d COO
|d UCU
|d YUS
|d DLC
|d OCL
|d AIP
|d NSD
|d NST
|d DLC
|d NST
|d SYS
|d GUA
|d OCLCQ
|d DIBAM
|d NLGGC
|d DLC
|d LVB
|d DLC
|d GUA
|d CUI
|d OCLCQ
|d HUL
|d OCLCQ
|d OCLCF
|d OCLCO
|d OCLCQ
|d OCLCO
|d CUS
|d DCHUA
|d OCL
|d L2U
|d WaSeSS
|
| 042 |
|
|
|a pcc
|a nsdp
|
| 043 |
|
|
|a s-ck---
|
| 050 |
0 |
0 |
|a GN1
|b .R34
|
| 050 |
1 |
4 |
|a F2269
|b .R427
|
| 082 |
0 |
4 |
|a 572
|
| 210 |
0 |
|
|a Rev. colomb. antropol.
|
| 222 |
|
0 |
|a Revista colombiana de antropología
|
| 245 |
0 |
0 |
|a Revista colombiana de antropología
|h [electronic resource] :
|b organo del Instituto Colombiano de Antropología.
|
| 260 |
|
|
|a Bogotá, Colombia :
|b Ministerio de Educación Nacional
|
| 310 |
|
|
|a Semiannual,
|b 2008-
|
| 321 |
|
|
|a Annual,
|b 1953-2007
|
| 362 |
1 |
|
|a Began with issue for Junio 1953.
|
| 500 |
|
|
|a Kislak Ref Collection: Vol. 2 (año 1954), v. 10 (1961).
|5 DLC
|
| 504 |
|
|
|a Includes bibliographical references.
|
| 506 |
|
|
|a License restrictions may limit access.
|
| 550 |
|
|
|a Published: Bogotá, Colombia : Instituto Colombiano de Antropología e Historia.
|
| 561 |
|
|
|a Provenance: Gift of Jay I. Kislak Foundation.
|5 DLC
|
| 580 |
|
|
|a Supersedes: Bogota. Instituto Etnológico Nacional. Revista del Instituto Etnológico Nacional, and: Boletín de arqueología.
|
| 588 |
|
|
|a Description based on: Vol. 2 =no. 2 (año 1954).
|
| 588 |
|
|
|a Latest issue consulted: Volumen 44 (2) (julio-diciembre, 2008).
|
| 650 |
|
0 |
|a Anthropology
|v Periodicals.
|
| 650 |
|
6 |
|a Anthropologie
|v Périodiques.
|
| 650 |
|
7 |
|a 73.00 ethnology: general.
|0 (NL-LeOCL)077610350
|2 bcl
|
| 650 |
|
7 |
|a Anthropology.
|2 fast
|0 (OCoLC)fst00810196
|
| 650 |
1 |
7 |
|a Culturele antropologie.
|2 gtt
|
| 650 |
|
7 |
|a ANTROPOLOGIA
|x PUBLICACIONES PERIODICAS.
|2 renib
|
| 655 |
|
0 |
|a Electronic journals.
|
| 710 |
2 |
|
|a Instituto Colombiano de Antropología.
|
| 710 |
2 |
|
|a Jay I. Kislak Reference Collection (Library of Congress)
|5 DLC
|
| 710 |
2 |
|
|a Instituto Colombiano de Antropología e Historia.
|
| 780 |
1 |
0 |
|t Revista del Instituto Etnológico Nacional
|x 0121-3059
|w (DLC) 48031481
|w (OCoLC)5904977
|
| 780 |
1 |
0 |
|t Boletín de arqueología
|x 0120-9914
|w (OCoLC)2258435
|
| 850 |
|
|
|a CU-Riv
|a CaBVaU
|a DLC
|a In
|
| 853 |
3 |
3 |
|8 1
|a v.
|i (year)
|w a
|
| 856 |
4 |
0 |
|z Full text available from PRISMA Database with HAPI Index: 01/01/2014 to 07/31/2016
|u https://search.proquest.com/publication/15564
|
| 863 |
4 |
0 |
|8 1.1
|a 1
|i 1953
|